Sportfamilie trauert um "Traber": (Titelsatznr. 80543)
[ MARC ]
| 000 -Satzkennung | |
|---|---|
| Kontrollfeld mit fester Länge | 00695nam a22001817a 4500 |
| 008 - Feld mit fester Länge zur physischen Beschreibung - Allgemeine Angaben | |
| Kontrollfeld mit fester Länge | 201130b ||||| |||| 00| 0 eng d |
| 040 ## - Katalogisierungsquelle | |
| Katalogisierungssprache | ger |
| Übertragungsstelle | STAFF |
| Beschreibungsfestlegungen | rda |
| Original-Katalogisierungsstelle | STAFF |
| 041 ## - Sprachcode | |
| Sprachcode des Textes/der Tonspur oder des separaten Titels | ger |
| 245 ## - Titel | |
| Haupttitel | Sportfamilie trauert um "Traber": |
| Titelzusatz | Sportlegende Gerhard Schulz war 43 Jahre lang Sportlehrer, aktiver Fußballer und 33 Jahre Kamieth-Halllensprecher |
| 600 ## - Nebeneintragung unter einem Schlagwort - Personenname | |
| Personenname | Schulz, Gerhard |
| Datumsangaben in Verbindung mit einem Namen | (1925 - 2020) |
| 650 ## - Nebeneintragung unter einem Schlagwort - Sachschlagwort | |
| Quelle der Ansetzung oder des Terms | Frankfurt (Oder) |
| 653 ## - Lokales Schlagwort | |
| Nicht-normierter Term | Fußballsport |
| 773 ## - Übergeordnete Einheit | |
| Ort, Verlag und Erscheinungsjahr | Frankfurt (Oder): Märkisches Verlags- und Druckhaus GmbH & Co KG |
| Verknüpfungsangaben | 32. Jahrgang (2021) Nr. 4 vom 06.01.2021, S. 13 |
| Titel | Märkische Oderzeitung |
| 942 ## - Zusätzliche Felder (Koha) | |
| Koha-Medientyp | Aufsätze |
| Ausgeschieden | Verloren | Beschädigt | Nicht entleihbar | Permanenter Standort | Aktueller Standort | Aufstellungsort | Eingabedatum | Anzahl Ausleihen | Signatur | Letzte Aktivität | Preis gültig von | Medientyp |
|---|---|---|---|---|---|---|---|---|---|---|---|---|
| Stadtarchiv Frankfurt (Oder) | Archivbibliothek | Stadtarchiv Frankfurt (Oder) | Archivbibliothek | Magazin | 08/01/2021 | Z 2 | 08/01/2021 | 08/01/2021 | Aufsätze |